000
00206 a2200085 4500
020
_a
9783319829241
100
_a
DORINA POJANI
245
_a
THE URBAN TRANSPORT CRISIS IN EMERGING ECONOMIES
260
_b
SPRINGER
999
_c
13039
_d
13039